000 00336 a2200157 4500
001 48272
020 _a8526242156
040 _cAnchieta - Bela Vista
100 _aBraz, Júlio Emílio
240 1 0 _aPretinha, eu?
_lpor
245 1 0 _aPretinha, eu?
300 _a63p.
362 0 _a2002
650 4 _aLiteratura juvenil
942 _cBK
999 _c48272
_d48272